Cuadros de costumbres / Salomé Jil (José Milla)

Сохранить в:
Библиографические подробности
Главный автор: Milla, José
Формат:
Язык:Undetermined
Опубликовано: Guatemala MEP 1952
Редактирование:5
Предметы:
Метки: Добавить метку
Нет меток, Требуется 1-ая метка записи!

MARC

LEADER 00000nam a2200000Ia 4500
008 170316s9999 xx 000 0 und d
040 |a cru BVZT 
090 |a 860 M-20.1c v.2 
100 |a Milla, José 
245 |a Cuadros de costumbres / Salomé Jil (José Milla) 
250 |a 5 
260 |a Guatemala 
260 |b MEP 
260 |c 1952 
300 |a 289 páginas Tomo II. Volumen 28 
650 |a LITERATURA LATINOAMERICANA 
999 |c 8928  |d 8928 
942 |c 15 D  |h 860 M-20.1c v.2  |2 z